00381nam a2200109Ia 4500008004100000020001800041040002900059050002300088100002800111245010900139260002300248230104s9999||||xx |||||||||||||| ||und|| a0 19 572276 0 cChuka University Library aBS 1194 bW45 1972 aWelch, E.,S.N. Clements 0aGod speaks to men:a textbook on the old testament syllabus for the East African certificate of Education aOUPbNairobic1972